Najlepsi strzelcy Juventusu Turyn - Statystyki

Ogólne statystyki
  • Ten quiz został rozwiązany 130 razy
  • Średni wynik to 2 z 10
Statystyki odpowiedzi
Hint Odpowiedź % Poprawnych
290 Alessandro Del Piero
97%
171 David Trézéguet
50%
115 Roberto Baggio
37%
184 Giampiero Boniperti
7%
165 Omar Sívori
5%
126 John Hansen
3%
179 Roberto Bettega
3%
154 Felice Borel
2%
130 Pietro Anastasi
2%
118 Federico Munerati
1%
Nie znaleziono quizów pasujących do podanych kryteriów
Rozkład punktacji
Procent ludzi z każdym wynikiem
Percentyl według liczby udzielonych odpowiedzi
Twoja historia wyników
Nie rozwiązałeś tego quizu